[Event "Krakow Europejski op"]
[Site "Krakow"]
[Date "2016.05.01"]
[Round "1"]
[White "Kreft, Wojciech"]
[Black "Ociepka, Tomasz"]
[Result "0-1"]
[WhiteElo "1593"]
[BlackElo "1927"]
[PlyCount "86"]
[EventDate "2016.05.01"]
[EventType "swiss"]
[EventRounds "9"]
[EventCountry "POL"]
[SourceTitle "EXT 2018"]
[Source "ChessBase"]
[SourceDate "2017.10.13"]
[SourceVersion "1"]
[SourceVersionDate "2017.10.13"]
[SourceQuality "1"]

1. d4 Nf6 2. c4 c5 3. e3 g6 4. Nc3 Bg7 5. Nf3 0-0 6. Be2 Na6 7. 0-0 d6 8. a3 b6 9. Nd2 e5 10. Bf3 Rb8 11. d5 Nc7 12. Rb1 Nfe8 13. b4 f5 14. e4 Bd7 15. b5 f4 16. Bg4 Nf6 17. Bxd7 Qxd7 18. Nf3 h6 19. Nh4 Kh7 20. Nf3 Nh5 21. h3 Bf6 22. Nh2 Ng7 23. Bd2 Rf7 24. Be1 Rbf8 25. f3 Bd8 26. Bf2 Nce8 27. Qe1 g5 28. h4 Nf6 29. hxg5 hxg5 30. Qe2 Ngh5 31. Ng4 Nxg4 32. fxg4 Nf6 33. Qf3 Nxg4 34. Qh3+ Kg6 35. Qd3 Rh7 36. g3 Nh2 37. Rfd1 Qg4 38. Qe2 Nf3+ 39. Kg2 Rh2+ 40. Kf1 fxg3 41. Bg1 Nd4+ 42. Bf2 Rh1+ 43. Kg2 Qh3# 0-1

[Event "Krakow Malopolski-ch"]
[Site "Krakow"]
[Date "2015.04.28"]
[Round "3"]
[White "Kyc, Jerzy"]
[Black "Kreft, Wojciech"]
[Result "1-0"]
[WhiteElo "2157"]
[BlackElo "1585"]
[PlyCount "49"]
[EventDate "2015.04.26"]
[EventType "swiss"]
[EventRounds "9"]
[EventCountry "POL"]
[SourceTitle "CBM 166 Extra"]
[Source "ChessBase"]
[SourceDate "2015.06.18"]
[SourceVersion "1"]
[SourceVersionDate "2015.06.18"]
[SourceQuality "1"]

1. e4 e5 2. Nf3 Nc6 3. Bb5 Nf6 4. d3 d6 5. c3 Bd7 6. Ba4 Be7 7. 0-0 0-0 8. Re1 h6 9. Nbd2 Nh7 10. d4 Ng5 11. Nxg5 Bxg5 12. Nf3 Bxc1 13. Rxc1 exd4 14. cxd4 Ne7 15. Bc2 c6 16. Qd3 g6 17. Qd2 Kh7 18. Qb4 Qc7 19. e5 Nc8 20. d5 c5 21. Qf4 dxe5 22. Nxe5 Ne7 23. Nxg6 Qxf4 24. Nxf4+ Ng6 25. Nxg6 1-0

[Event "Krakow Malopolski-ch"]
[Site "Krakow"]
[Date "2015.04.27"]
[Round "2"]
[White "Kreft, Wojciech"]
[Black "Bus, Konrad"]
[Result "0-1"]
[WhiteElo "1585"]
[BlackElo "2159"]
[PlyCount "80"]
[EventDate "2015.04.26"]
[EventType "swiss"]
[EventRounds "9"]
[EventCountry "POL"]
[SourceTitle "CBM 166 Extra"]
[Source "ChessBase"]
[SourceDate "2015.06.18"]
[SourceVersion "1"]
[SourceVersionDate "2015.06.18"]
[SourceQuality "1"]

1. d4 Nf6 2. c4 e6 3. Nf3 Bb4+ 4. Bd2 Qe7 5. a3 Bxd2+ 6. Nbxd2 d6 7. e3 e5 8. dxe5 dxe5 9. e4 0-0 10. Be2 b6 11. 0-0 Bb7 12. Qc2 Nbd7 13. b4 a5 14. Rab1 axb4 15. axb4 Ra7 16. Bd3 Rfa8 17. Rfc1 Ra2 18. Rb2 Ra1 19. Rxa1 Rxa1+ 20. Rb1 Rxb1+ 21. Qxb1 Qd6 22. h3 g6 23. Qb3 Nh5 24. g3 c5 25. b5 Nf8 26. Bc2 Bc8 27. Qd3 Qe7 28. Qd5 Bxh3 29. Qxe5 Qd7 30. Qd5 Qa7 31. Kh2 Be6 32. Qd6 h6 33. Ne5 Qa1 34. Qd3 Qxe5 35. Nf3 Qa1 36. e5 Bg4 37. Nh4 Qxe5 38. Qd2 Be6 39. Qxh6 Qe2 40. Qe3 Qxc2 0-1

[Event "POL-ch Teachers"]
[Site "Krakow"]
[Date "2012.??.??"]
[Round "7"]
[White "Michalik, Marek"]
[Black "Kreft, Wojciech"]
[Result "1-0"]
[WhiteElo "1893"]
[BlackElo "1564"]
[PlyCount "71"]
[EventDate "2012.??.??"]
[EventType "swiss"]
[EventRounds "9"]
[EventCountry "POL"]
[SourceTitle "EXT 2014"]
[Source "ChessBase"]
[SourceDate "2013.11.20"]
[SourceVersion "1"]
[SourceVersionDate "2013.11.20"]
[SourceQuality "1"]

1. e4 e5 2. d4 exd4 3. Qxd4 Nc6 4. Qe3 d6 5. Bc4 Nf6 6. h3 Be7 7. Bd2 Be6 8. Be2 Ne5 9. b3 Nfd7 10. f4 Nc6 11. f5 Nd4 12. Bd3 Bxf5 13. exf5 0-0 14. Nc3 Bh4+ 15. Kd1 Bf6 16. Nf3 Re8 17. Qf4 Nc6 18. g4 Nde5 19. h4 Nxf3 20. Qxf3 Nd4 21. Qf2 Qd7 22. Nd5 Be5 23. Bc3 c5 24. Kd2 b5 25. a3 Qb7 26. Be4 Qd7 27. Rae1 Rab8 28. g5 g6 29. Bxd4 cxd4 30. fxg6 fxg6 31. h5 Rf8 32. Nf6+ Rxf6 33. gxf6 Qc7 34. hxg6 Qc3+ 35. Kd1 hxg6 36. Bd5+ 1-0

[Event "POL-ch Teachers"]
[Site "Krakow"]
[Date "2012.??.??"]
[Round "2"]
[White "Sadzikowski, Marian"]
[Black "Kreft, Wojciech"]
[Result "1-0"]
[WhiteElo "1865"]
[BlackElo "1564"]
[PlyCount "59"]
[EventDate "2012.??.??"]
[EventType "swiss"]
[EventRounds "9"]
[EventCountry "POL"]
[SourceTitle "EXT 2014"]
[Source "ChessBase"]
[SourceDate "2013.11.20"]
[SourceVersion "1"]
[SourceVersionDate "2013.11.20"]
[SourceQuality "1"]

1. e4 e5 2. f4 d5 3. Nf3 exf4 4. e5 Bg4 5. d4 Bxf3 6. Qxf3 Qh4+ 7. Kd1 Nc6 8. Bb5 Nge7 9. Bxf4 0-0-0 10. c3 f5 11. h3 g5 12. g3 Qh6 13. Be3 Qg6 14. Bd3 g4 15. hxg4 Qxg4 16. Qxg4 fxg4 17. Rxh7 Rxh7 18. Bxh7 Bg7 19. Bd3 Rh8 20. b4 Bh6 21. Ke2 Bg7 22. Nd2 Rf8 23. Rf1 Rh8 24. Rf7 Bh6 25. b5 Bxe3 26. Kxe3 Nxe5 27. dxe5 Ng8 28. Bf5+ Kd8 29. Rd7+ Ke8 30. Rxc7 1-0